000 00784cam a2200253 a 4500
001 15876751
005 20180111040645.0
008 090821s2010 mauab b 001 0 eng
010 _a 2009033429
020 _a9780136021827
020 _a0136021824
035 _a(OCoLC)ocn351312361
040 _aDLC
_cDLC
_dDLC
041 _aeng
080 _a339 HUB
082 0 0 _a339 HUB
_222
100 1 _a52
101 _aMAK
245 1 0 _aMacroeconomics /
_cR. Glenn Hubbard, Anthony Patrick O'Brien.
504 _aIncludes bibliographical references and indexes.
906 _a7
_bcbc
_corignew
_d1
_eecip
_f20
_gy-gencatlg
942 _2ddc
_cBK
999 _c40062
_d40062